Essentials of biology / (Record no. 3821)

MARC details
000 -LEADER
fixed length control field 00667cam a22002058i 4500
008 - FIXED-LENGTH DATA ELEMENTS--GENERAL INFORMATION
fixed length control field 130919s2015 nyu 001 0 eng
020 ## - INTERNATIONAL STANDARD BOOK NUMBER
ISBN 9780078024221 (hard copy : alk. paper)
020 ## - INTERNATIONAL STANDARD BOOK NUMBER
ISBN 0078024226 (hard copy : alk. paper)
100 1# - MAIN ENTRY--AUTHOR
Author Mader, Sylvia S.,
245 10 - TITLE STATEMENT
Title Essentials of biology /
Statement of responsibility, etc Sylvia S. Mader, Mader Enterprises, Michael Windelspecht, Appalachian State University.
250 ## - EDITION STATEMENT
Edition statement Fourth edition.
260 ## - PUBLICATION, DISTRIBUTION, ETC. (IMPRINT)
Place of publication New York
Name of publisher McGraw hill education
Date of publication 2015
300 ## - COLLATION
Pagination 647p
Other physical details ill
500 ## - GENERAL NOTE
General note Includes index.
650 #0 - TRACINGS
Main Subject Biology
Subdivision (1st) Textbooks.
700 1# - ADDITIONAL AUTHOR
Additional Author Windelspecht, Michael,
942 ## - ADDED ENTRY ELEMENTS (KOHA)
Item type Books
050 00 - LIBRARY OF CONGRESS CALL NUMBER
Classification number QH308.2
Item number .M24
082 00 - DEWEY DECIMAL CLASSIFICATION NUMBER
Classification number 570
Holdings
Source of classification or shelving scheme Not for loan Permanent location Current location Date acquired Accession No. Full call number Barcode. Koha item type
Library of Congress Classification   Samuel Ogbemudia Main Library, University of Abuja Samuel Ogbemudia Main Library, University of Abuja 06/05/2025 2024/62303 QH308.2.M24 2025-2443 Books